Welcome to the Holygrace Academy Library

Please use search bar below to get started

OXFORD ENGLISH DICTIONARY (Record no. 1735)

MARC details
000 -LEADER
fixed length control field 00343nam a22001457a 4500
020 ## - INTERNATIONAL STANDARD BOOK NUMBER
ISBN 9780198070924
082 ## - DEWEY DECIMAL CLASSIFICATION NUMBER
Classification number 823
Item number SOA/O
100 ## - MAIN ENTRY--AUTHOR NAME
Personal name SOANES, CATHERINE
245 ## - TITLE STATEMENT
Title OXFORD ENGLISH DICTIONARY
250 ## - EDITION STATEMENT
Edition statement SECOND EDITION
260 ## - PUBLICATION, DISTRIBUTION, ETC. (IMPRINT)
Place of publication DELHI
Name of publisher OXFORD UNIVERSITY PRESS
Year of publication 2011
300 ## - PHYSICAL DESCRIPTION
Number of Pages 897
650 ## - SUBJECT ADDED ENTRY--TOPICAL TERM
Topical Term DICTIONARY
Geographic subdivision INDIA
942 ## - ADDED ENTRY ELEMENTS (KOHA)
Koha item type Books
Holdings
Withdrawn status Lost status Collection code Home library Current library Shelving location Date acquired Source of acquisition Full call number Accession Number Koha item type
    Reference Main Library Main Library SHELF 1-A DICTIONARIES 17/05/2012 purchase 823 SOA/O 03447 Books